Most Popular Cat Breeds - Statistics

General Stats
  • This quiz has been taken 930 times
    929 since last reset
  • The average score is 4 of 10
Answer Stats
Rank Answer % Correct
4 Siamese
80%
1 Persian
71%
2 Maine Coon
55%
6 Ragdoll
49%
9 American Shorthair
36%
5 Abyssinian
18%
7 Birman
17%
3 Exotic
13%
8 Oriental
10%
10 Tonkinese
5%
No matching quizzes found
Score Distribution
Percent of People with Each Score
Percentile by Number Answered
Your Score History
You have not taken this quiz since the last reset